| 000 | 00818nam a22002657i 4500 | ||
|---|---|---|---|
| 003 | EG-ScBUE | ||
| 005 | 20230711113559.0 | ||
| 008 | 200219t1998 nyua f 001 0 eng d | ||
| 020 | _a9780471291770 | ||
| 040 |
_aEG-ScBUE _beng _erda _cEG-ScBUE _dEG-ScBUE |
||
| 082 | 0 | 4 |
_222 _a720.47 _bGIV |
| 100 | 1 |
_aGivoni, Baruch, _eauthor. |
|
| 245 | 1 | 0 |
_aClimate considerations in building and urban design / _cBaruch Givoni. |
| 264 | 1 |
_aNew York : _bJohn Wiley & Sons, Inc., _c[1998] |
|
| 264 | 4 | _cc1998 | |
| 300 |
_axiv, 464 pages : _billustrations ; _c29 cm |
||
| 336 |
_2rdacontent _atext _btxt |
||
| 337 |
_2rdamedia _aunmediated _bn |
||
| 338 |
_2rdacarrier _avolume _bnc |
||
| 500 | _aIncludes index. | ||
| 650 | 7 |
_aArchitecture and climate. _2BUEsh |
|
| 653 | _bENGARC | ||
| 655 | _vReading book | ||
| 942 |
_2ddc _cBB |
||
| 999 |
_c29936 _d29907 |
||